| 000 | 00608nam a22001937a 4500 | ||
|---|---|---|---|
| 005 | 20100820142312.0 | ||
| 010 | _aENG-101113 | ||
| 020 |
_a9788170288503 _c125.00 |
||
| 035 | _aEN-84646 | ||
| 037 | _bDBAD/PUB | ||
| 082 | _a153 | ||
| 100 |
_aRajan,Y S _917108 |
||
| 245 |
_aDiscover your power quotient / _cby Y S Rajan |
||
| 260 |
_aDelhi _bRajpal & Sons _c2010 |
||
| 270 |
_aKashmere Gate _bNew Delhi _e110006 |
||
| 300 |
_axi,100p _c20cm(pbk) |
||
| 942 |
_2ddc _cEN _h153 _mRAJ |
||
| 999 |
_c42708 _d42708 |
||